|
|
|
|
| LEADER |
00000nab a2200000 a 4500 |
| 001 |
vtls000547513 |
| 003 |
SK-MaSNL |
| 005 |
20260304090338.0 |
| 008 |
250425c1995 xo 0 slo |
| 015 |
|
|
|a SNBRB19rr/mm-uuuuu
|
| 035 |
|
|
|a CL0547651
|
| 035 |
|
|
|a urn:nbn:sk:snk-ab7jbi
|
| 035 |
|
|
|a (urnnbn)urn:nbn:sk:snk:ar-005yc0
|
| 035 |
|
|
|a (uuid)bcab2217-4c52-4e35-85e7-a7287617a4c3
|
| 040 |
|
|
|a SNKBUCL
|b slo
|c SNKBUCL
|e AACR2
|
| 041 |
0 |
|
|a slo
|
| 044 |
|
|
|a xo
|c SK
|
| 080 |
|
|
|a 371.13:371.4
|2 1981
|
| 080 |
|
|
|a 371.4
|2 1981
|
| 100 |
1 |
|
|a Pol, Milan,
|d 1961-
|4 aut
|9 124108
|
| 245 |
1 |
0 |
|a Príprava učiteľov waldorfských škôl
|c Milan Pol
|
| 300 |
|
|
|b Res. angl., rus., lit. 20 zázn. v angl., češ., slov.
|
| 650 |
0 |
7 |
|a učitelia
|2 snkbucl
|9 3995
|
| 650 |
0 |
7 |
|a školy waldorfské
|2 snkbucl
|9 975893
|
| 655 |
|
7 |
|a články z novín a časopisov
|2 snkbucl
|9 267496
|
| 773 |
0 |
|
|t Pedagogická revue
|g Roč. 47, č. 3-4 (1995), s. 11-21
|
| 850 |
|
|
|a Slovenská národná knižnica
|
| 852 |
|
|
|a Slovenská národná knižnica
|
| 954 |
|
|
|a odborná, vedecká literatúra pôvodná (slovenská)
|2 lita
|
| 958 |
|
|
|a article7
|
| 958 |
|
|
|a OND
|
| 958 |
|
|
|a NB
|
| 958 |
|
|
|a RK
|
| 958 |
|
|
|a EUIPO
|
| 992 |
|
|
|a RBX
|
| 999 |
|
|
|c 2811173
|d 2813103
|